000 00444nam a2200157Ia 4500
008 130318s9999 xx 000 0 und d
020 _a354043545x
082 _a006.696 REI/D
100 _aReimers,Ulrich
245 _aDVB: The family of international standards for digital video broadcasting
250 _a2
260 _bSpringer
_aGermany
_c2005
300 _a408
440 _aSignals and Communication Technology
650 _aDIGITAL VIDEO
999 _c793
_d793